Detaily vedia zvýšiť predaj
Kým pred piatimi rokmi sa v rámci marketingových kampaní javila pohyblivá a bučiaca maketa veľkej fialovej kravy ako koniec dejín POS a POP marketingu, dnes už je aspoň základná interaktivita pri druhotnom propagovaní tovarov prakticky nevyhnutnosťou. Síce stále dobre fungujú aj staré známe kartónov...
Salvato in:
| Autore principale: | |
|---|---|
| Natura: | Capitolo di libro |
| Lingua: | slovacco |
| Soggetti: | |
| Tags: |
Nessun Tag, puoi essere il primo ad aggiungerne!!
|
MARC
| LEADER | 00000naa a2200000 4500 | ||
|---|---|---|---|
| 001 | 0313782 | ||
| 005 | 20260102100430.3 | ||
| 041 | 0 | |a slo | |
| 044 | |a CZ | ||
| 245 | 1 | 0 | |a Detaily vedia zvýšiť predaj |c Peter Kapitán |
| 520 | |a Kým pred piatimi rokmi sa v rámci marketingových kampaní javila pohyblivá a bučiaca maketa veľkej fialovej kravy ako koniec dejín POS a POP marketingu, dnes už je aspoň základná interaktivita pri druhotnom propagovaní tovarov prakticky nevyhnutnosťou. Síce stále dobre fungujú aj staré známe kartónové stojany a rôzne letáčiky, tento segment marketingu sa však dynamicky mení. Aj vďaka prvkom umelej inteligencie (AI) sa totiž z tichého predavača postupne stáva inteligentný komunikačný nástroj, ktorý vie zaujať, vysvetliť a napokon predať. | ||
| 610 | 2 | 0 | |a nástroje komunikačné |
| 610 | 2 | 0 | |a nástroje marketingové |
| 610 | 2 | 0 | |a komunikácia marketingová |
| 610 | 2 | 0 | |a podpora predaja |
| 610 | 2 | 0 | |a kampane reklamné |
| 100 | 1 | |a Kapitán, Peter | |